Normal view MARC view
  • Gomez-Exposito , antonio & Conejo , Antonio J. & Canizares , Claudio A.

Entry Personal Name

Number of records used in: 1

001 - CONTROL NUMBER

  • control field: 18379

003 - CONTROL NUMBER IDENTIFIER

  • control field: NUST

005 - DATE AND TIME OF LATEST TRANSACTION

  • control field: 20190723104010.0

008 - FIXED-LENGTH DATA ELEMENTS

  • fixed length control field: 190723|| aca||aabn | a|a d

040 ## - CATALOGING SOURCE

  • Original cataloging agency: NUST
  • Transcribing agency: NUST

100 ## - HEADING--PERSONAL NAME

  • Personal name: Gomez-Exposito , antonio & Conejo , Antonio J. & Canizares , Claudio A.

670 ## - SOURCE DATA FOUND

  • Source citation: Work cat.: (NUST)0: Gomez-Exposito , antonio & Conejo , Antonio J. & Canizares , Claudio A., ELECTRIC ENERGY SYSTEMS \
© 2023 Central Library, National University of Sciences and Technology. All Rights Reserved.